000 00906nac a22002657a 4500
001 BR9101724
003 BR-BrBNA
005 20240105121155.0
008 230509b bl.|||m| |||| 00| 0 por d
040 _aBR-BrBNA
_bpor
_cBiblioteca Nacional de Agricultura
072 _aF01
090 _a1950 BR9101724
100 1 _aCosta, N. de L.
110 1 _aUnidade de Execucao de Pesquisa de Ambito Estadual de Porto Velho, RO (Brasil)
_910373
245 1 _aPueraria; leguminosa forrageira para a producao de proteina
260 3 _aPorto Velho, RO (Brasil):
_c1990.
300 _a4 p.
490 _aComunicado Tecnico - Unidade de Execucao de Pesquisa de Ambito Estadual de Porto Velho (Brazil)
_vno. 92
_xISSN 0100-8765
650 _aKUDZU
650 _aEPOCA DE PLANTIO
650 _aSOLO
650 _aAPTIDAO CLIMATICA
909 _a202312
_bLúcia Elande
_c55
_dLúcia Elande
942 _2AGRIS
_n0
_cMS
999 _c283740
_d283740